Normal view
MARC view
Entry Personal Name
001 - CONTROL NUMBER
- control field: 1034646
003 - CONTROL NUMBER IDENTIFIER
- control field: OSt
005 - DATE AND TIME OF LATEST TRANSACTION
- control field: 20260121160644.0
008 - FIXED-LENGTH DATA ELEMENTS
- fixed length control field: 260121|| aca||aabn | a|a d
040 ## - CATALOGING SOURCE
- Original cataloging agency: OSt
- Transcribing agency: OSt
100 ## - HEADING--PERSONAL NAME
- Personal name: Hans H. Landsberg; John J. Schanz, Jr.; Sam H. Schurr; Grant P. Thompson
670 ## - SOURCE DATA FOUND
- Source citation: Work cat.: (OSt)1601462: Hans H. Landsberg; John J. Schanz, Jr.; Sam H. Schurr; Grant P. Thompson , Energy and the Social Sciences
